| 000 | 01148cam a2200361Ia 4500 | ||
|---|---|---|---|
| 001 | 93476 | ||
| 005 | 20230410132923.0 | ||
| 008 | 071120c19779999sp rb 001 0 spa d | ||
| 035 | _a(OCoLC)ocn181659721 | ||
| 040 |
_aUIA _bspa _cUIA |
||
| 020 | _a8424902661 | ||
| 035 | _a(OCoLC)181659721 | ||
| 041 | 1 |
_aspa _hgrc |
|
| 050 | 1 | 4 |
_aB 171 _bB582 1977 |
| 049 | _aGRAL | ||
| 100 | 1 |
_aArriano, Flavio, _d86-175 siglo II. |
|
| 130 | 1 | _aBiblioteca Clásica Gredos. | |
| 245 | 1 | 0 |
_aAnábasis de Alejandro Magno : _bLibros I-III / _cArriano ; introducción de Antonio Bravo García, traducción y notas de Antonio Guzmán Guerra. |
| 260 |
_aMadrid : _bGredos, _c1977 |
||
| 300 |
_a333 p. ; _c19 cm. |
||
| 440 | 0 |
_aBiblioteca clásica Gredos ; _vn.49 |
|
| 504 | _aIncluye referencias bibliográficas e índice. | ||
| 505 | 0 | _aLibros I-III | |
| 600 | 0 | 4 |
_aAlejandro, _cel Grande |
| 650 | 0 | _aPhilosophy, Classical. | |
| 650 | 0 | _aPhilosophy, Ancient. | |
| 650 | 0 |
_aPhilosophers, Ancient _xBiography |
|
| 700 | 1 | _aBravo García, Antonio | |
| 700 | 1 | _aGuzmán Guerra, Antonio | |
| 942 |
_2lcc _cbk |
||
| 946 | _amjcruz | ||
| 994 |
_aC0 _bDRFGD |
||
| 999 |
_c90196 _d90196 |
||